000 00655nam a22002417a 4500
001 34569
003 UA-OsUOA
005 20211019180131.0
007 ta
008 20051013b un ||||| |||| 00| 0 ukr d
020 _a5-02-028307-Х
040 _aUA-OsUOA
_brus
_cUA-OsUOA
_dUA-OsUOA
041 _arus
080 _a82(091)(470+571)
090 _a82(091)(470+571)
_bБ59
245 _aБиблиотека литературы Древней Руси
260 _aСПб
_bНаука
_c2000
300 _a617 с.
505 _gт. 10
650 7 _a82(091) Історія літератури загалом
_2UDC
942 _cBK
_2udc
955 _a2
999 _c320997
_d320997